Výskyt Staphylococcus aureus na mobilných telefónoch

Enregistré dans:
Détails bibliographiques
Auteur principal: Nováková, Vanda (Auteur)
Autres auteurs: Medveďová, Alžbeta (Directeur de thèse)
Format: Manuscrit Livre
Langue:slovaque
Publié: 2022
Sujets:
Accès en ligne:http://is.stuba.sk/zp/portal_zp.pl?podrobnosti=150265
Tags: Ajouter un tag
Pas de tags, Soyez le premier à ajouter un tag!

MARC

LEADER 00000ntm a22000003a 4500
001 stuzp88991
003 SK-STU
005 20220625211345.0
007 ta
008 150427s2015----xo-----f-mn---000-0-slo-d
040 |a STU  |b slo 
041 0 |a slo 
100 1 |a Nováková, Vanda  |u 040270  |4 aut  |U FCHPT Ústav potravinárstva a výživy  |T FCHPT Oddelenie výživy a hodnotenia kvality potravín  |X 97323  |U C0270  |Y 686  |7 97323 
242 0 1 |a Prevalence of Staphylococcus aureus on cell phones  |y eng 
245 1 0 |a Výskyt Staphylococcus aureus na mobilných telefónoch 
260 |c 2022 
650 4 |a mobilné teflóny  |2 slo 
650 4 |a dezinfekcia  |2 slo 
650 4 |a rezistencia  |2 slo 
650 4 |a antibiotiká  |2 slo 
650 4 |a Staphylococcus aureus  |2 slo 
650 4 |a Staphylococcus aureus  |2 eng 
650 4 |a mobile phone  |2 eng 
650 4 |a disinfection  |2 eng 
650 4 |a resistance  |2 eng 
650 4 |a antibiotics  |2 eng 
700 1 |a Medveďová, Alžbeta  |u 040270  |k Z1  |4 ths  |U FCHPT Ústav potravinárstva a výživy  |T FCHPT Oddelenie výživy a hodnotenia kvality potravín  |X 19372  |U C0270  |Y 686  |7 A000019372 
856 4 |u http://is.stuba.sk/zp/portal_zp.pl?podrobnosti=150265